000 00524nam a2200217Ia 4500
003 OSt
005 20220924135130.0
006 a|||||r|||| 00| 0
007 ta
008 220923b |||||||| |||| 00| 0 ben d
024 _a288622
037 _cTextual
040 _aARTS
_cARTS
_bben
041 _2ben
_aben
082 _aNR2N06w, 157M3
100 _aDan
_9209759
245 0 _aBanglar bulbul angurbata
260 _c1983
942 _hNR2N06w, 157M3
_cTEXL
_2CC
999 _c439719
_d439719